1216 1004 1771 1028 1003 1272 1769 1250 1841 1024 1068 1557 1153 1290 1324 1033 1769 1327 1838 1603 1257 1183 1002 1947 1773 1954 1869 1447 1084 1728 1006 1950 1800 1314 1633 1477 1793 1915 1095 1639 1832 1709 1102 1722 1892 1596 1211 1673 1823 1648 1905 1344 1786 1493 1119 1749 1724 1652 1613 1013 1824 1403 1155 1045 1064 1432 1818 1666 1035 1485 1290 1106 1692 1841 1132 1810 1463 1991 1290 1596 1729 1322 1804 1150 1146 1995 1870 1450 1860 1866 1145 1949 1890 1226 1974 1535 1850 1248 1845 BCNSPRNW ULIB Ver.6.0+V

เปลี่ยนเป็นภาษาไทย

Change to English
 แสดงรายละเอียดบรรณานุกรม
  กลับหน้าหลัก

Brief Record : Get Marc (ISO 2709) : E-mail record : QR code < ปิดหน้าต่าง
LEADER : 00000nam 2200000uu 4500
001    13399124774
003     ULIB
008    020711s2015 th a 000 0 eng d
020    9781259252907
060    QV4^bK20B
100    Bertram G. Katzung
245    Basic & clinical pharmacology./^cBertram G. Katzung,Anthony J. Trevor.
250    13th ed.th ed
260    New york :^bMcGraw-Hill,^c2015
300    1203 pages;^b27.5 cm
650    pharmacology
700    Anthony J. Trevor.
945    ^p0^l0^i23285
รายการนี้ยังไม่มีแท็ก
คุณยังไม่ได้ล็อกอิน คุณสามารถมีกิจกรรมร่วมกับเว็บไซต์ได้ แต่ต้องล็อกอินก่อน ::
  ล็อกอิน

รายการสื่อสารสนเทศ

ลำดับที่ ประเภท เลขเรียก/บาร์โค้ด สถานที่ สถานะ
1. วิทยาศาสตร์การแพทย์ และสุขภาพ
วิทยาศาสตร์การแพทย์ และสุขภาพ
QV4 K20B ฉ.1 
  Barcode: 23285
ห้องสมุดวิทยาเขตนครสวรรค์
►หนังสือทั่วไป:l:General Books
บนชั้น

รายการใกล้เคียง
    หัวเรื่อง [pharmacology]

BibComment


ยังไม่เคยถูกคอมเมนท์

คอมเมนท์ทรัพยากรรายการนี้
  คอมเมนท์: Basic clinical p..


 Copyright 2026. Bcnsprnw @Library